000 01341nam a22002297a 4500
999 _c168647
_d168647
005 20191018125717.0
010 _aB-730573
020 _a9789353093808
_c40.00
035 _aB-730573
037 _bडी.बी.ए.डी./ उपहार
082 _a
100 _aप्रबा राम व शीला प्रूईट
245 _aजरा अपनी जीभ बाहर निकालना /
_cप्रबा राम व शीला प्रूईट ; संध्या प्रभात द्वारा चित्रांकित ; मधुबाला जोशी द्वारा हिन्दी अनुवाद
260 _aनई दिल्ली
_bप्रथम बुक्स
_c2018
270 _a#621, 2nd floor, 5th Main, OMBR Layout, Banaswadi,
_bBengaluru
_e560043
_k+91 80 42052574, 91 11 41042483
300 _a16पृ.
_bसचित्र
_c14x20 सेमी (अजिल्द)
700 _928835
_aप्रूईट, शीला
700 _928836
_aप्रभात, संध्या
700 _aजोशी, मधुबाला
942 _2ddc
_cCH
_h
_mप्रबारा